| 000 | 01168nam a22003257a 4500 | ||
|---|---|---|---|
| 003 | CHAP | ||
| 005 | 20220329141625.0 | ||
| 008 | 971013s r 00010 d | ||
| 010 | _a71223 | ||
| 011 | _a72195 | ||
| 035 | _a81749 | ||
| 040 | _cCHAP | ||
| 082 |
_a634.92 _bC35 |
||
| 100 | 0 | 0 |
_aCámara Nacional de la Silvicultura e Industrias Derivadas. México. _924018 |
| 245 |
_aAlgunos elementos básicos para la planeación de la industria silvícola _b: versión preliminar |
||
| 260 |
_aMéxico, D.F. : _bLa Cámara, _c(s.a.) |
||
| 300 |
_a69 h. _b: ilus. |
||
| 590 |
_aBATCH-UPD _b10 _c20130110 _lUCH01 _h0415 |
||
| 590 |
_aBATCH-UPD _b10 _c20130110 _lUCH01 _h2137 |
||
| 590 |
_aBATCH-UPD _b10 _c20130410 _lUCH01 _h0049 |
||
| 590 |
_aBATCH-UPD _b10 _c20130410 _lUCH01 _h1610 |
||
| 590 |
_aBATCH-UPD _b10 _c20130914 _lUCH01 _h0719 |
||
| 590 |
_aCONVERSION _b10 _c20130109 _lUCH01 _h1339 |
||
| 650 | 1 | 4 |
_aBosques _xAspectos económicos _xMéxico. _914076 |
| 650 | 1 | 4 |
_aPolítica forestal _zMéxico. _990610 |
| 650 | 1 | 4 |
_aSilvicultura _xPublicaciones periódicas. _9106124 |
| 901 | _aBK | ||
| 942 | _cLIBRO | ||
| 949 |
_a634.92 C35 _bBC _cLIBRO _d-35343 _eLIBRO _h33801 _i81749 _si |
||
| 999 |
_c71223 _d71223 |
||